Central Library OPAC University of Rajshahi

Estimates of Inherent Variability in the Mosquito, Culex Quinquefasciatus Say Reared on Blood-Meals from Different Vertebrates / (Record no. 83809)

MARC details
000 -LEADER
fixed length control field 01049nam a2200253 a 4500
001 - CONTROL NUMBER
RUCL Control Number 83809
003 - CONTROL NUMBER IDENTIFIER
rucl marc code BD-RjUL
005 - DATE AND TIME OF LATEST TRANSACTION
control field 20240525154738.0
008 - FIXED-LENGTH DATA ELEMENTS--GENERAL INFORMATION
fixed length control field 240525s 2003bg a|||| m||| 00| 0 eng d
035 ## - SYSTEM CONTROL NUMBER
system control number (BD-RjUL)83809
040 ## - CATALOGING SOURCE
Original cataloging agency BD-RjUL
Language of cataloging eng
Transcribing agency BD-RjUL
Modifying agency BD-RjUL
041 ## - LANGUAGE CODE
Language code of Book eng
082 ## - DEWEY DECIMAL CLASSIFICATION NUMBER
DDC Edition number 23
Classification number 595.77
Author mark and Year FEE 2003
100 ## - MAIN ENTRY--PERSONAL NAME
Personal name Ferdousi, Zennat
245 10 - TITLE STATEMENT
Title Estimates of Inherent Variability in the Mosquito, Culex Quinquefasciatus Say Reared on Blood-Meals from Different Vertebrates /
Statement of responsibility, etc By Zennat Ferdousi ;
Name of Supervisor/Co-Supervisor Principal Supervisor : Md. Abdus Salam, Co-Supervisor : M. Saiful Islam
260 ## - PUBLICATION, DISTRIBUTION, ETC. (IMPRINT)
Place of publication, distribution, etc Rajshahi :
Name of publisher, distributor, etc Department of Zoology, University of Rajshahi,
Date of publication, distribution, etc 2003
300 ## - PHYSICAL DESCRIPTION
Pagination xxxi, 315 Leaves :
Other physical details ill, ;
Dimensions 29 cm.
502 ## - DISSERTATION NOTE
Dissertation note Thesis (Ph. D.) -- Department of Zoology, University of Rajshahi, 2003
504 ## - BIBLIOGRAPHY, ETC. NOTE
Bibliography, etc References : Leaves [137]-169
650 ## - SUBJECT ADDED ENTRY--TOPICAL TERM
Topical term or geographic name as entry element Arthropoda
Form subdivision Inherent
General subdivision Vertebrates
9 (RLIN) 13149
700 ## - ADDED ENTRY--SUPERVISOR/CO-SUPERVISOR NAME
Personal name Salam, Md. Abdus, Principal Supervisor
9 (RLIN) 6157
Personal name Islam, M. Saiful, Co-Supervisor
9 (RLIN) 13132
942 ## - ADDED ENTRY ELEMENTS (KOHA)
Source of classification or shelving scheme Dewey Decimal Classification
Koha item type Theses
Holdings
Source of classification or shelving scheme Damaged status Not for loan Collection code Permanent Location Current Location Shelving location Date of accession Source of acquisition Total Checkouts Full call number Barcode Date last seen Copy number Thesis
Dewey Decimal Classification   Not For Loan Theses Central Library, University of Rajshahi Central Library, University of Rajshahi Documentation Section 08/07/2004 Controller of Exam. R. U.   THE 595.77 FEE 2003 D2292 25/05/2024 C-I Theses